| 000 | 00799nam a2200265Ia 4500 | ||
|---|---|---|---|
| 003 | OSt | ||
| 005 | 20220928115501.0 | ||
| 006 | a|||||r|||| 00| 0 | ||
| 007 | ta | ||
| 008 | 220927b |||||||| |||| 00| 0 eng d | ||
| 020 | _c350 | ||
| 024 | _a107377 | ||
| 037 |
_b08, 25/01/2010, Sunrise Books _cTextual |
||
| 040 |
_aSDCL _cSDCL _beng |
||
| 041 |
_2eng _aeng |
||
| 082 | _aY:1.2'P, P9 | ||
| 100 |
_aFuller C J Ed. _9444531 |
||
| 245 | 0 | _aEveryday state and society in modern India. | |
| 260 |
_aNew Delhi _bSocial Science Press _c2009 |
||
| 300 |
_axi,221p _ccm. |
||
| 650 | _aPolitical Science | ||
| 700 |
_a Benei Veronique Ed. _9372167 |
||
| 942 |
_hY:1.2'P, P9 _cTEXL _2CC |
||
| 999 |
_c759605 _d759605 |
||